Oceania countries - Statistics

General Stats
  • This quiz has been taken 17 times
  • The average score is 13 of 14
Answer Stats
Population (2024) Countries % Correct
26 713 205 Australia
100%
928 784 Fiji
100%
5 213 944 New Zealand
100%
526 932 Micronesia
94%
11 947 Nauru
94%
104 175 Tonga
94%
134 518 Kiribati
88%
17 695 Palau
88%
218 019 Samoa
88%
819 198 Solomon Islands
88%
327 777 Vanuatu
88%
37 548 Marshall Islands
82%
10 576 502 Papua New Guinea
82%
9 646 Tuvalu
82%
No matching quizzes found
Score Distribution
Percent of People with Each Score
Percentile by Number Answered
Your Score History
You have not taken this quiz